| 000 | 00504nam a2200145 a 4500 | ||
|---|---|---|---|
| 001 | 000028498 | ||
| 005 | 20200930054958.0 | ||
| 008 | 110408s1985 dr 000 0 spa d | ||
| 040 |
_aDO-SdBNP _bspa _cBNPHU |
||
| 082 |
_axxx _bM244m |
||
| 100 | 1 |
_aMaldonado Devis, Manuel _955466 |
|
| 245 | 1 | 0 |
_aMartà y Hostos : _bParalelismo en la lucha de ambos por la independencia de las Antillas en el siglo XIX / _cManuel Maldonado Devis. |
| 260 |
_aSanto Domingo : _bAlfa y Omega, _c1985. |
||
| 300 |
_a27 p. ; _c21 cm. |
||
| 999 |
_c27990 _d27990 |
||